| 000 | 00609nam a2200205Ia 4500 | ||
|---|---|---|---|
| 005 | 20250508164735.0 | ||
| 008 | 008 250505s9999 xx 000 0 eng d | ||
| 020 | _a13: 978-81-250-3601-2 | ||
| 037 | _aTextual | ||
| 040 |
_aFEDL _beng _cFEDL |
||
| 041 |
_aeng _2eng |
||
| 084 |
_a371.914, DAS _qFEDL |
||
| 100 | _aDas J P | ||
| 245 | 0 | _aReading difficulties and dyslexia: An interpretation for teachers | |
| 260 |
_aNew Delhi, India _bSage Publications India Pvt Ltd _c2009 |
||
| 300 | _axvii,198p. | ||
| 365 |
_aINR _b295 |
||
| 942 |
_cTEXL _h371.914, DAS |
||
| 999 |
_c1390855 _d1390855 |
||